| 000 | 00667nam a2200193 a 4500 | ||
|---|---|---|---|
| 005 | 20210219152310.0 | ||
| 008 | 991125s1941 mx 000 0 spa u | ||
| 035 | _aUPN01000051302 | ||
| 049 | _aCG | ||
| 050 | 4 |
_aUD166 M4.7 _b1941 |
|
| 245 | 0 | 0 |
_aReglamento general de infantería : _bprimera parte / _cSecretaría de la Defensa Nacional, Dirección Técnica Militar |
| 260 |
_aMéxico : _bMarte, _c1941 |
||
| 300 | _a258 p. | ||
| 500 | _aDisponible en la Colección Medina | ||
| 610 | 1 | 4 |
_aMEXICO. EJERCITO. INFANTERIA- _bREGLAMENTOS |
| 710 | 2 |
_aMéxico. _bSecretaría de la Defensa Nacional. _bDirección Técnica Militar |
|
| 904 |
_aAC _b051304 |
||
| 905 | _aLibro | ||
| 999 |
_c51302 _d51302 |
||